| 000 | 01107cac a22003251a 4500 | ||
|---|---|---|---|
| 999 |
_c2635 _d2635 |
||
| 003 | EG-ScBUE | ||
| 005 | 20191215110050.0 | ||
| 008 | 190718t2001 enka f 000 0 eng d | ||
| 020 | _a0582451728 | ||
| 020 | _a9780582451728 | ||
| 040 |
_aEG-ScBUE _beng _erda _cEG-ScBUE _dEG-ScBUE |
||
| 082 | 0 | 4 |
_a425 _bWAT _222 |
| 100 | 1 |
_aWatcyn-Jones, Peter, _d1944- _eauthor. _915566 |
|
| 245 | 1 | 0 |
_aTest your prepositions / _cPeter Watcyn-Jones, Jake Allsop. |
| 264 | 1 |
_aHarlow, England : _bPearson Education Limited, _c[2001] |
|
| 264 | 4 | _cc 2001 | |
| 300 |
_avii, 101 pages : _billustrations ; _c24 cm. |
||
| 336 |
_2rdacontent _atext _btxt |
||
| 337 |
_2rdamedia _aunmediated _bn |
||
| 338 |
_2rdacarrier _avolume _bnc |
||
| 490 | 0 | _aPenguin English guides | |
| 590 | _aMarwa Ashraf | ||
| 600 | _aAllsop ,Jake. | ||
| 650 | 7 |
_aEnglish language _xPrepositions _vProblems, exercises, etc. _2BUEsh |
|
| 650 | 7 |
_aEnglish language _vTextbooks for foreign speakers. _2BUEsh |
|
| 653 |
_bHHUUEENN _cJuly2019 |
||
| 655 | _vReading book | ||
| 700 | 1 |
_aAllsop, Jake, _eauthor. |
|
| 942 |
_cBB _k 428.207J7101 _2ddc |
||